Colombia, derechos humanos y derecho humanitario

Detalles Bibliográficos
Autor principal: Galln̤ Giraldo, Gustavo
Otros Autores: Beaudoin, Denise
Formato: eBook
Lenguaje:español
Publicado: Bogot:̀ Comisin̤ Colombiana de Juristas, 2005
Materias:
Acceso en línea:Acceso restringido

MARC

LEADER 00000nam a22000007a 4500
005 20200310225220.0
007 cr|||| ||||
008 200310s2005 es |||||s|||| 00||0 spa d
020 |a 958-9348-36-X 
035 |a 31203 
040 |a vLex 
090 |c 10224  |d 10224 
100 1 |a Galln̤ Giraldo, Gustavo 
245 1 0 |a Colombia, derechos humanos y derecho humanitario  |h [Recurso electrn̤ico] /  |c Gustavo Galln̤ Giraldo, Denise Beaudoin 
256 |a Servicio en ln̕ea 
260 |a Bogot:̀  |b Comisin̤ Colombiana de Juristas,  |c 2005 
300 |a 1 recurso electrn̤ico 
506 1 |a Disponible solo en los productos indicados  |d vLex Global  |d vLex Global (Academic Edition, excluding Law Schools)  |d vLex Global (U.S. Academic Edition, Law Schools)  |d vLex Global (U.S. Academic Edition, excluding Law Schools)  |d vLex Global (Academic Edition, Law Schools) 
650 0 4 |a Derecho Internacional  |z Colombia 
700 1 |a Beaudoin, Denise 
740 0 |a vLex Libros (Servicio en ln̕ea) 
856 4 0 |u http://vlex.com/source/colombia-derechos-humanos-derecho-humanitario-31203  |z Acceso restringido 
942 |c BOOK 
999 0 |a International right